Americká metoda klasifikace manažerů.
Prvky odlišnosti manažérov. Popis metódy amerického psychológa profesora C.G. Junga a jej aplikácia. Pojmová definícia ôsmich typov manažérov. Typ manažéra extraverzne a introverzne mysliaceho. Manažér extraverzne a introverzne intuitívneho typu, extraverzne a introverzne vnímavého typu a extraverzn...
Guardado en:
| Autor principal: | |
|---|---|
| Formato: | Capítulo de libro |
| Lenguaje: | checo |
| Materias: | |
| Etiquetas: |
Sin Etiquetas, Sea el primero en etiquetar este registro!
|
MARC
| LEADER | 00000naa a2200000 4500 | ||
|---|---|---|---|
| 001 | r003706 | ||
| 005 | 20221125080812.4 | ||
| 041 | 0 | |a cze | |
| 044 | |a [CS] | ||
| 245 | 1 | 0 | |a Americká metoda klasifikace manažerů. |c A. Ševčík |
| 520 | |a Prvky odlišnosti manažérov. Popis metódy amerického psychológa profesora C.G. Junga a jej aplikácia. Pojmová definícia ôsmich typov manažérov. Typ manažéra extraverzne a introverzne mysliaceho. Manažér extraverzne a introverzne intuitívneho typu, extraverzne a introverzne vnímavého typu a extraverzne a introverzne cítiaceho typu. | ||
| 610 | 2 | 0 | |a klasifikácia |
| 610 | 2 | 0 | |a manažment |
| 610 | 2 | 0 | |a psychológia |
| 610 | 2 | 0 | |a Jung, C.G. |
| 610 | 2 | 0 | |a USA |
| 100 | 1 | |a Ševčík, A. | |